| 000 | 00583nam a22001697a 4500 | ||
|---|---|---|---|
| 008 | 100209t xxu||||| |||| 00| 0 eng d | ||
| 082 |
_220 _a336.2 _bHOB |
||
| 100 |
_911138 _aHobson, J.A. |
||
| 245 |
_aTaxation in the new state / _cBy J.A. Hobson. |
||
| 260 |
_aLondon: _bMethuen, _cc.[1919]. |
||
| 300 |
_a254p, _c20cm. |
||
| 500 | _aDonations. | ||
| 500 | _aDonated by:Alaa abdel Ghaney. | ||
| 650 |
_911137 _aTaxes and Taxation. |
||
| 942 |
_2ddc _cBB |
||
| 999 |
_c13323 _d13323 |
||